000 00481nam a2200181 i 4500
001 bg
100 1 _aJankowski, Wiktor.
245 0 _aGeometria wykreślna :
_bpodręcznik dla inżynierskich studiów zawodowych /
_cWiktor Jankowski.
250 _aWyd.6.
260 _aWarszawa,
_c1990.
650 9 _aGeometria wykreślna
655 _aPodręczniki akademickie
040 _cBPK
041 _apol
080 _a514
942 _cKS
008 s pl f |000 0 pol
999 _c4210
_d4210
856 _uhttp://koha.tu.koszalin.pl/cgi-bin/koha/opac-detail.pl?biblionumber=4210
_yKatalog online BPK